=LDR 00000nam 2200000 4500 =001 INLIS000000000062481 =005 20240520105049 =035 ##$$a 0010-0823000144 =007 ta =008 230816################g##########0#ind## =100 #$$a Rizem Aizid =245 1#$$a Ibrahim Nabi Kekasih Allah : $b Sejarah Lengkap, Pengaruh, Dan Warisannya Bagi Dunia /$c Rizem Aizid =250 ##$$a cet 1 =300 ##$$a 292 halaman : $b ilustrasi ; $c 20 cm =020 ##$$a 978-602-255-734-0 =041 ##$$a ind =082 ##$$a 297.34 =084 ##$$a 297.34 Riz i =264 ##$$a Yogyakarta :$b Saufa,$c 2015 =336 ##$$a teks$2 rdacontent =337 ##$$a Tampa Perantara$2 rdamedia =338 ##$$a volume$2 rdacarrier =650 #4$$a Nabi Ibrahim =990 ##$$a 5202300673